Introduction to religious philosophy (Record no. 4457)

MARC details
000 -LEADER
fixed length control field 00457nam a2200169Ia 4500
008 - FIXED-LENGTH DATA ELEMENTS--GENERAL INFORMATION
fixed length control field 230917s9999||||xx |||||||||||||| ||und||
020 ## - ISBN
Price RS 325.00
040 ## - CATALOGING SOURCE
-- 5008230
Original cataloging agency VIVEKANANDA LIBRARY
041 ## - Language
-- English
082 ## - DDC NUMBER
Classification number 200.1 M378I
100 ## - MAIN ENTRY--PERSONAL NAME
Personal name Masih, Y
245 #0 - TITLE STATEMENT
Title Introduction to religious philosophy
260 ## - PUBLICATION, DISTRIBUTION, ETC. (IMPRINT)
Place of publication, distribution, etc New Delhi
Name of publisher, distributor, etc Motilal Banarsidass
Date of publication, distribution, etc 2017
300 ## - PHYSICAL DESCRIPTION
Pages xv, 410 p.
500 ## - GENERAL NOTE
General note 4365 14/01/2022 HBD22/9188 15/01/2022 Main Budget
942 ## - ADDED ENTRY ELEMENTS (KOHA)
Koha item type Books
Holdings
Withdrawn status Lost status Damaged status Not for loan Location (home branch) Sublocation or collection (holding branch) Date acquired Koha issues (times borrowed) Koha full call number Accession No. Koha date last seen Koha item type
        VIVEKANANDA LIBRARY VIVEKANANDA LIBRARY 23/02/2022 1 200.1 M378I 393831 08/01/2026 Books
© Designed and Maintained by Vivekananda Library, MDU Rohtak